000 00959nam a22001697a 4500
005 20260123085247.0
008 230713b ||||| |||| 00| 0 eng d
040 _cSSBUL
_dSSBUL
082 _223
_a၃၂၈.၅၉၁ ဒု ၁၆၀၈၅ (S-SAT)
245 _aဒုတိယအကြိမ် ပြည်သူ့လွှတ်တော်စတုတ္ထအကြိမ်အစည်းအဝေးသို့ ပြည်သူဥပဒေ အကျိုးဆောင်အဖွဲ့ကတင်ပြသည့်.../
260 _c၁၉၇၉။
300 _a၂၃၃ စာမျက်နှာ၊
_c၂၂ စင်တီ။
500 _aS-SAT: Dr. Prof Sai Aung Tun
650 _aမြန်မာနိုင်ငံပြည်သူ့လွှတ်တော်။
_927829
650 _aလွှတ်တော်အစည်းအဝေးများ
_zမြန်မာနိုင်ငံ။
_927844
942 _2ddc
_cBK1
999 _c27144
_d27144